Hypixel Skyblock Enchantments - Statistics

General Stats
  • This quiz has been taken 50 times
  • The average score is 75 of 126
Answer Stats
Description Enchantment % Correct
Increases ☠Crit Damage by 10-100%. Critical
94%
Grants �105 Health. Growth
89%
Increases damage dealt to Magma Cubes, Slimes, and Creepers by 10-80%. Cubism
86%
Increases damage dealt to Endermen, Endermites, and Ender Dragons by 15-130%. Ender Slayer
86%
Grants a 12.5-62.5% chance for mobs and ores to drop double experience. Experience
86%
Increases damage dealt by 0.1-1.2% for each percent of extra health that your target has above you up to 5-65%. Giant Killer
86%
Grants 30 ❈Defense. Protection
86%
Increases melee damage dealt by 5-65%. Sharpness
86%
Ignites your enemies for 3-4s, dealing 3-9% of your damage per second. Fire Aspect
83%
Increases knockback by 3-6 blocks. Knockback
83%
Increases the chance of a Monster dropping an item by 15-75%. Looting
83%
Scavenge 0.3-1.8 Coins per monster level on kill. Scavenger
83%
Deals 3-20% of your damage dealt to other monsters within 3.3-4.8 blocks of the target. Cleave
81%
Heals for 0.5-2.5% of your max health each time you hit a mob. Life Steal
81%
Increases damage dealt to Spiders, Cave Spiders, and Silverfish by 10-100%. Bane of Arthropods
78%
Copies �100% of your active pet's stats. Chimera
78%
Regain 0.25-0.75% of your mana on hit. Mana Steal
78%
Grants 49 ❈Defense against projectiles. Projectile Protection
78%
Grants 10 Health Regen. Rejuvenate
78%
Increases damage dealt by 2-20% for every 100 defense your target has up to 6-80%. Titan Killer
78%
Reduces the ability mana cost of this item by 10-50%. Ultimate Wise
78%
Grants �210 ❈Defense against explosions. Blast Protection
75%
Arrows home towards dragons if they are within 2-10 blocks. Dragon Tracer
75%
Increases damage dealt by 0.2-1.25% for each percent of health missing on your target. Execute
75%
Increases melee damage dealt by 25-125% for the first hit on a mob. First Strike
75%
Increases damage dealt to Skeletons, Zombie Pigmen, Withers, and Zombies by 10-100%. Smite
75%
Grants 14 True Defense against fire and lava. Fire Protection
72%
Arrows ignite your enemies for 3.5-4s, dealing 3-6% of your damage per second. Flame
72%
Grants �45 Mining Fortune, which increases your chance for multiple drops. Fortune
72%
Increases most of your player stats by 0.07-0.35% per player within 30 blocks of you, up to 20 players. Legion
72%
Increases the chance for Monsters to drop their armor by 5-35%. Luck
72%
Removes all other enchants but increases your damage by 500%. One For All
72%
Increases bow damage by 8-65%. Power
72%
Strikes a Monster with lightning every 3 consecutive hits, dealing 8-60% more damage. Thunderlord
72%
Increases the base damage of Aspect of the Jerry by 1,000-5,000%. Ultimate Jerry
72%
Increases arrow knockback by 3-6 blocks. Punch
69%
Extends your underwater breathing time by 15-60s. Respiration
69%
Gain 0.1-1% of mana used near you as Strength for 10 seconds, capping at 100 Strength. Strong Mana
69%
Heals for 0.2-0.6% of your max health per 100 ☠Crit Damage you deal per hit, up to 1,000 ☠Crit Damage. Syphon
69%
Grants a 50% chance to rebound 3-9% of damage dealt back at the attacker. Thorns
69%
Increases your underwater mining rate. Aqua Affinity
67%
Gain 10% extra Combat XP. The 2nd hit on a mob grants +1.4-5 Coins & 25 exp orbs. Gain 50,000-3,000,000 Combat XP to tier up. Champion
67%
Saves arrows 3-30% of the time when you fire your bow. Disabled while sneaking. Infinite Quiver
67%
Your weapon gains 2-10x the Damage of the latest monster killed and applies it on your next hit. Soul Eater
67%
Gain 1-5 Intelligence for every 5 levels of exp you have on you. Capped at 20-100 Intelligence. Wisdom
67%
Saves 10-50% of your Coins on death. Additionally, enemies drop +2.5 Coins when killed. Bank
64%
Grants �25 Intelligence. Big Brain
64%
Increases damage dealt to Sea Creatures by 25-75%. Impaling
64%
Grants 12 ☘Farming Fortune and 6 Bonus Pest Chance, which increases your chance to spawn bonus Pests on the Garden. Pesterminator
64%
Arrows travel through enemies. The extra targets hit take 25% of the damage. Piercing
64%
Increases damage dealt by 0.1-1% for each percent of health your target has. Prosecute
64%
Arrows deal 4% damage for every 10 blocks traveled. Snipe
64%
Increases melee damage dealt by 10-50% for the first three hits on a mob. Triple Strike
64%
Increases some of your player stats by +0.48-0.8% per fishing bobber within 30 blocks, up to 10 bobbers. Stats: Sea Creature Chance, ☂Fishing Speed, ☯Fishing Wisdom, Magic Find, Pet Luck Bobbin Time
61%
Grants �110 Mining Speed. Efficiency
61%
Gain +25% ❈Defense when hit while below 40% Health. Last Stand
61%
Upon breaking crops, nether wart, or cocoa, automatically replant from materials in your inventory. Replenish
61%
Automatically smelts broken blocks into their smelted form. Smelting Touch
61%
Increases your damage by 2-10% for each enemy within 10 blocks. Maximum of 10 enemies. Swarm
61%
Grants 25 Wheat Fortune. Turbo-Wheat
61%
Reduces the target's walk speed by 5-30% and deals +0.3-1.8% of your damage per second per hit, stacking globally up to 40 hits. Lasts 5s. Venomous
61%
Grants 6 Magic Find. Divine Gift
58%
Consecutive blocks broken grant 3 Mining Speed. Stops after 10s of not mining and caps at 200 blocks. Flowstate
58%
Gain +0.28-1% Catacombs XP & +0.56-2% Class XP, doubled on S+ runs. Grants +2.6-8❤ per 10 Catacombs levels. 2-100 S runs to tier up! Hecatomb
58%
Grants 25 Pumpkin Fortune. Turbo-Pumpkin
58%
Gain 10 Farming Wisdom and 20 ☘Farming Fortune. Harvest 1,000-100,000,000 crops for tier up. Cultivating
56%
Avoids breaking stems and baby crops. Delicate
56%
Gain 0.05-0.5% of mana used near you as ⫽Ferocity for 10 seconds, capping at 50 ⫽Ferocity. Ferocious Mana
56%
Grants 25 Health Regen while out of combat. Respite
56%
Strikes Monsters within 2 blocks with lightning every 3 consecutive hits, dealing 4-25% of your damage. Thunderbolt
56%
Grants 25 Sugar Cane Fortune. Turbo-Cane
56%
Grants 25 ☘Carrot Fortune. Turbo-Carrot
56%
Grants 25 ☘Cocoa Beans Fortune. Turbo-Cocoa
56%
Grants 25 Melon Fortune. Turbo-Melon
56%
Grants 25 Potato Fortune. Turbo-Potato
56%
Heals for 1-6% of your missing health whenever you kill an enemy. Vampirism
56%
Increases the chance of a Monster dropping an item by 15-75% (Bows) Chance
53%
Increases your damage by 5% per kill up to 2-10 kills within 2-10s. Combo
53%
Gain 10 Mining Wisdom and a 0.2-0.6% chance to drop an enchanted item. Break 100-1,000,000 blocks to tier up. Compact
53%
Shoot a second arrow dealing 4-20% of the first arrow's damage. Targets hit take 1.1-1.5x fire damage for 60s. Duplex
53%
Attacking increases your ⫽Ferocity by 10-50% per hit, capped at 200% for 3 seconds after your last attack. Fatal Tempo
53%
ℏ Heal 7.5% more from wands. ℏ Deal �25% damage with Slayer Weapons. ℏ Gain +2.5-5 ☯Combat Wisdom with Slayer weapons. ℏ With Smoldering Polarization, gain �15 Magic Find on your slayer weapon. Habanero Tactics
53%
Increases the chance of fishing treasure by 1-6%. Luck of the Sea
53%
Allows you to collect normally unobtainable block drops. Silk Touch
53%
Grants +12.5-75 ☘Farming Fortune, which increases your chance for multiple crops. (Axe) Sunder
53%
Grants a 1-5% chance to instantly attract a fish. Flash
50%
Grants 0.05-0.25 ☘Farming Fortune per unique Visitor served. Green Thumb
50%
Grants +12.5-75 ☘Farming Fortune, which increases your chance for multiple crops. Harvesting
50%
Shortens the maximum time it takes to catch something by 5-30%. Lure
50%
Causes sheep to drop a random wool color when sheared. Rainbow
50%
Use Left Click ability to rip your arrows out of nearby enemies. Each arrow deals 5-25% of your last critical shot on the target, up to 5 arrows. 2s Cooldown. Rend
50%
Increases damage dealt to Blazes by 3-15%. Smoldering
50%
Grants 25 ☘Cactus Fortune. Turbo-Cacti
50%
Increases damage dealt to Ender Dragons by 8-40%. Dragon Hunter
47%
Every 10th hit on a mob traps it for 5s and deals 1.25-2.25x of that hit's damage over the trap duration. Inferno
47%
Reduces the ❈Defense of your target by 1.2-9% for 4s each time you hit them with melee. Stacks up to 4 times. Lethality
47%
Heal for 0.5-5% of mana used near you. Mana Vampire
47%
Increases ☠Crit Damage by 1-5% and ☣Crit Chance by 1-5%. Having a Critical chance above 100% grants a chance to perform a Mega Critical Hit dealing 10-50% extra damage. Overload
47%
5-30% chance to get double drops when fishing. Blessing
44%
Gain a 1-5% chance to spawn a Corrupted Sea Creature. Corruption
44%
Grants +0.5-2.5 Pristine, which increases the chance to improve the quality of dropped Gemstones Prismatic
44%
Fishing rod deals 5-30% more damage to monsters. Spiked Hook
44%
Grants 5 ⫽Ferocity. Vicious
44%
Sea creatures start with 2.5-15% reduced health. Frail
42%
Grants 5 ❄Cold Resistance. Ice Cold
42%
Grants 6 ☂Fishing Speed. Piscary
42%
Grants 5-25% of the mana used to cast abilities as ❈Defense for 10s, up to 1,000 ❈Defense. Refrigerate
42%
Grants 25 Nether Wart Fortune Turbo-Warts
42%
Grants 6 Sea Creature Chance. Angler
39%
Grants 0.5-2 ☘Farming Fortune for crops, multiplied by your Garden milestone for that crop. Dedication
39%
Gain 0.1-1% of mana used near you as ❈Defense for 10 seconds, capping at 400 ❈Defense. Hardened Mana
39%
Grants �50 ☘Gemstone Fortune and �100 Mining Speed while mining Gemstones. Lapidary
39%
Grants 3 weapon damage if you don't have a Dragon pet equipped. Tabasco
39%
Grants 25 Mushroom Fortune. Turbo-Mushrooms
39%
Grants +0.6-6 Sea Creature Chance and 20 ☯Fishing Wisdom when killing Sea Creatures. Kill 50-15,000 Sea Creatures to tier up. Expertise
36%
You have 20-100% chance to gain 10 experience orb every time you take hits from mobs. No Pain No Gain
36%
Grants +2.4-4 Vitality on weekdays and +1.2-2 of a random Wisdom stat on weekends. Quantum
33%
5-30% chance to not consume bait. Caster
31%
Grants +0.8-1 Health and +0.4-0.5 True Defense per digit in your Magical Power. Cayenne
31%
Grants 1-6 additional experience orb every time you successfully catch a fish. Magnet
31%
Increases chances of finding a Suspicious Scrap when mining in Glacite Mineshafts by 2.5-12.5% Paleontologist
31%
Heal 2-3 Health/s per enemy within 10 blocks, up to 20-30 Health/s. Transylvanian
31%
Increases the chance to receive higher-tiered Trophy Fish by 2-10%. Charm
28%
Grants 15 Health. Prosperity
28%
Gain 3-10% extra Combat XP. Grants +3.7-10 ☣Crit Chance Toxophilite
25%
No matching quizzes found
Score Distribution
Percent of People with Each Score
Percentile by Number Answered
Your Score History
You have not taken this quiz